000 00731nam a22002417a 4500
003 UA-OsUOA
001 47198
007 ta
008 20070713b un ||||| |||| 00| 0 ukr d
100 _aСемигіна Т.В.
700 _aМигович І.І.
090 _a364.1(477)
_bС30
942 _cBK
040 _aUA-OsUOA
_bukr
_cUA-OsUOA
_dUA-OsUOA
245 _aТеорії і методи соціальної роботи
_bпідручник
300 _a328 с.
955 _a2
041 _aukr
080 _a364.1(477)
260 _aК.
_bАкадемвидав
_c2005
650 7 _a36 Забезпечення духовних та матеріальних життєвих потреб
_2UDC
999 _c333296
_d333296